000 00430nam a2200181Ia 4500
008 240510s9999 xx 000 0 und d
041 _aEng
082 _a519.83
082 _bR16
100 _aRAPOPORT, Anatol
245 0 _aN - Person game theory : concepts and applications
260 _bMichigan : Univ. of Michigan
260 _c1970
300 _a331 p.
650 _aGame - theory
942 _2ddc
942 _cLBK
999 _c23628
_d23628
945 _a1
_bMadushi Gamage
_c1
_dMadushi Gamage